Estrategias para enseñar a aprender; un enfoque cognitivo para todas las áreas y niveles /
Guardado en:
| Autor Principal: | |
|---|---|
| Formato: | Libro |
| Publicado: |
Buenos Aires :
Aique,
1998
|
| Materias: | |
| Etiquetas: |
Agregar Etiqueta
Sin Etiquetas, Sea el primero en etiquetar este registro!
|
| LEADER | 00563nam a22001695a 4500 | ||
|---|---|---|---|
| 001 | CEM.cems010848 | ||
| 005 | 20080314093450.0 | ||
| 008 | 130507s1998##################000#0#####d | ||
| 003 | CEMS | ||
| 082 | 0 | 4 | |a SG371.33 |
| 100 | 1 | |a Jones Beau, Fly | |
| 245 | 1 | 0 | |a Estrategias para enseñar a aprender; un enfoque cognitivo para todas las áreas y niveles / |c Fly Jones Beau |
| 260 | |a Buenos Aires : |b Aique, |c 1998 | ||
| 300 | |a 327 p. | ||
| 653 | |a Educación | ||
| 653 | |a Biblioteca maría de los angeles saggio | ||
| 859 | |a CEMS |b BIB. CEMS - 11 de abril |h SG371.33 |i J714 |p 21568.01 |t Ej.1 | ||
